RICS valuation - professional standards Hong Kong (Record no. 116037)
[ view plain ]
| 000 -LEADER | |
|---|---|
| fixed length control field | 01767cad a22002895a 4500 |
| 001 - CONTROL NUMBER | |
| control field | L159600 |
| 008 - FIXED-LENGTH DATA ELEMENTS--GENERAL INFORMATION | |
| fixed length control field | 131031s2017 xxk f f 001 0 eng d |
| 020 ## - INTERNATIONAL STANDARD BOOK NUMBER | |
| International Standard Book Number | 9781783212040 |
| 035 ## - SYSTEM CONTROL NUMBER | |
| System control number | (Sirsi) u159600 |
| 041 0# - LANGUAGE CODE | |
| Language code of text/sound track or separate title | eng |
| 050 04 - LIBRARY OF CONGRESS CALL NUMBER | |
| Classification number | 333.332 $2 18 |
| 110 2# - MAIN ENTRY--CORPORATE NAME | |
| Corporate name or jurisdiction name as entry element | Royal Institution of Chartered Surveyors |
| 9 (RLIN) | 4900 |
| 240 00 - UNIFORM TITLE | |
| Uniform title | Red Book |
| 245 00 - TITLE STATEMENT | |
| Title | RICS valuation - professional standards Hong Kong |
| Medium | [electronic resource] |
| 260 ## - PUBLICATION, DISTRIBUTION, ETC. | |
| Place of publication, distribution, etc. | London |
| Name of publisher, distributor, etc. | RICS |
| Date of publication, distribution, etc. | 2017 |
| 300 ## - PHYSICAL DESCRIPTION | |
| Extent | 6p. |
| 490 #0 - SERIES STATEMENT | |
| Series statement | RICS Guidance Note |
| 490 #0 - SERIES STATEMENT | |
| Series statement | RICS Valuation Standards |
| 490 ## - SERIES STATEMENT | |
| Series statement | RICS Red Book |
| 505 2# - FORMATTED CONTENTS NOTE | |
| Formatted contents note | Acknowledgments -- RICS professional standards and guidance -- Introduction -- Departures -- Effective date -- Compliance with RICS Red Book and Hong Kong legal requirements -- General -- PS 1 Compliance with standards where a written valuation is provided -- PS 2 Ethics, competency, objectivity and disclosures -- VPS 1 Minimum terms of engagement -- VPS 4 Bases of value, assumptions and special assumptions -- VPGA 1 Valuation for inclusion in financial statements -- VPGA 2 Valuation for secured lending -- VPS 2 Inspections, investigations and records -- VPS 3 Valuation reports -- Practice area standards and guidance |
| 520 ## - SUMMARY, ETC. | |
| Summary, etc. | Provides assistance on the application of the RICS Valuation ? Global Standards 2017 (the Red Book) to valuations that have to be provided in compliance with the jurisdiction requirements in Hong Kong. Effective from 1 February 2018. |
| 650 24 - SUBJECT ADDED ENTRY--TOPICAL TERM | |
| Topical term or geographic name entry element | RICS VALUATION STANDARDS |
| 651 #4 - SUBJECT ADDED ENTRY--GEOGRAPHIC NAME | |
| Geographic name | Hong Kong |
| 690 ## - LOCAL SUBJECT ADDED ENTRY--TOPICAL TERM (OCLC, RLIN) | |
| Topical term or geographic name as entry element | Valuation |
| 9 (RLIN) | 6273 |
| 856 40 - ELECTRONIC LOCATION AND ACCESS | |
| Uniform Resource Identifier | <a href="https://www.rics.org/content/dam/ricsglobal/documents/standards/application_of_the_rics_valuation_professional_standards_in_hong_kong.pdf">https://www.rics.org/content/dam/ricsglobal/documents/standards/application_of_the_rics_valuation_professional_standards_in_hong_kong.pdf</a> |
| Public note | View on RICS.org |
| 942 ## - ADDED ENTRY ELEMENTS (KOHA) | |
| Suppress in OPAC | 0 |
| Source of classification or shelving scheme | Dewey Decimal Classification |
| Withdrawn status | Lost status | Source of classification or shelving scheme | Damaged status | Not for loan | Home library | Current library | Shelving location | Date acquired | Total Checkouts | Full call number | Barcode | Date last seen | Copy number | Price effective from | Koha item type |
|---|---|---|---|---|---|---|---|---|---|---|---|---|---|---|---|
| Dewey Decimal Classification | Virtual | Virtual | Online | 17/10/2017 | ONLINE PUBLICATION | 159600-2001 | 23/03/2023 | 1 | 06/08/2019 | Book |